Movies by Emoji Quiz #2 - Disney Edition - Statistics

General Stats
  • This quiz has been taken 134 times
  • The average score is 15 of 20
Answer Stats
Emoji Movie % Correct
❄️👸🏼⛄️ Frozen
97%
🚗🛻🏁 Cars
93%
🤠🚀🦖 Toy Story
92%
🎈👴🏻🏠 Up
92%
👦🏽💀🎸👵🏾 Coco
90%
🐠🐟🦷 Finding Nemo
89%
👧🏽🐓🌋🏝 Moana
89%
🤥 Pinocchio
86%
👱‍♀️👠🕛🏰 Cinderella
85%
🧞‍♂️🧞‍♂️🕌🪔 Aladdin
82%
1️⃣0️⃣1️⃣🐶 101 Dalmatians
81%
👸🏻🍎🧙🏻‍♀️🏡7️⃣ Snow White
78%
🥀👸🏼🦁 Beauty and the Beast
70%
🧜‍♀️🦀🐚 Little Mermaid
70%
🏹🎯💰🦊🏞 Robin Hood
58%
🏠🦋🕯️✨ Encanto
57%
😡🐼 Turning Red
52%
👧🌸👽🏝 Lilo and Stitch
51%
👦🏻🤖🔬⛩🌁 Big Hero 6
42%
👸🏼🦎🍳 Tangled
23%
No matching quizzes found
Score Distribution
Percent of People with Each Score
Percentile by Number Answered
Your Score History
You have not taken this quiz